| 000 | 02076cam a2200289 i 4500 | ||
|---|---|---|---|
| 003 | SA-RiAUC | ||
| 005 | 20250101075402.0 | ||
| 008 | 241215s1990 su g 00010 ara c | ||
| 024 | 0 | _a00000000964727 | |
| 040 |
_aSA-RiAUC _bara _cSA-RiAUC _dAE-DuMBRL _erda |
||
| 082 | 0 | 4 |
_a214.291 _qSA-RiAUC |
| 090 |
_a214.291 _bض م ي |
||
| 100 | 1 |
_aضميرية، عثمان جمعة، _d1949- _eمؤلف. |
|
| 245 | 1 | 0 |
_aالإسلام وعلاقته بالشرائع الأخرى / _cبقلم الأستاذ عثمان جمعة ضميرية. |
| 250 | _aالطبعة الأولى. | ||
| 264 | 1 |
_aالطائف، السعودية : _bدار الفاروق، _c1990. |
|
| 264 | 3 |
_aالطائف، السعودية : _bمطبعة الأهلية بالأوفست |
|
| 300 |
_a94 صفحة ؛ _c24 × 17 سم |
||
| 336 |
_aنص _btxt _2rdacontent _3كتاب |
||
| 337 |
_aبدون وسيط _bn _2rdamedia |
||
| 338 |
_aمجلد _bnc _2rdacarrier |
||
| 520 | _aيتناول كتاب (الإسلام وعلاقته بالشرائع الأخرى) والذي قام بتأليفه عثمان بن جمعه ضميرية، موضوع (الإسلام) الكتاب دراسة يستعرض فيها المؤلف العلاقة التي تربط بين الإسلام والشرائع الأخرى، والحوار الإسلامي المسيحي، معرفا الدين والإسلام بمعناه العام، والتصور الإسلامي لرسالات كل الرسل والأنبياء، وعلاقة هذا الدين بالأديان الأخرى. وكيف أن المسلمين لا يفرقون بين الرسل ويعترفون بهم جميعا، والكفر بأحد الرسل بمثابة الكفر بهم جميعا، ثم يعرج على الإيمان ويوضح الفرق بينه وبين الإسلام. | ||
| 650 | 7 |
_aالإسلام والديانات الأخرى _2aucsh |
|
| 942 |
_2ddc _cBOOK _n0 |
||
| 949 |
_aSA-JeALM _d241215 _umohamedma123 _n1 |
||
| 999 |
_c4276 _d4276 |
||